[Event "TCh-ROU Superliga"]
[Site "Predeal ROU"]
[Date "2007.10.20"]
[Round "8"]
[White "Itkis,B"]
[Black "Sanduleac,V"]
[Result "1/2-1/2"]
[WhiteElo "2436"]
[BlackElo "2450"]

1.d4 c6 2.c4 d5 3.Nf3 Nf6 4.Nc3 a6 5.b3 Bf5 6.Nh4 Bg6 7.Nxg6 hxg6 8.g3 e6
9.e3 Bb4 10.Bd2 Nbd7 11.Bg2 Qe7 12.Qc1 O-O 13.O-O Rac8 14.a3 Bxc3 15.Bxc3 Rfd8  1/2-1/2

[Event "ch-Euro Blitz"]
[Site "Ajaccio FRA"]
[Date "2007.10.25"]
[Round "18"]
[White "Derieux,C"]
[Black "Prie,E"]
[Result "0-1"]
[WhiteElo "2165"]
[BlackElo "2532"]

1.d4 d5 2.c4 c6 3.Nf3 Nf6 4.Nc3 a6 5.g3 dxc4 6.e4 b5 7.e5 Nd5 8.Bg2 e6 9.O-O Nxc3
10.bxc3 Be7 11.h4 Bb7 12.Bg5 c5 13.dxc5 Nd7 14.Bxe7 Qxe7 15.Qd6 Nxc5 16.Rfd1 Qxd6
17.Rxd6 O-O 18.Ng5 Bxg2 19.Kxg2 Nd3 20.f4 Rfd8 21.Ne4 Rxd6 22.Nxd6 f6 23.exf6 gxf6
24.a4 Rd8 25.Ne4 f5 26.Ng5 Nc5 27.axb5 axb5 28.Ra5 Rb8 29.Ra7 h6 30.Nh7 Rb7
31.Nf6+ Kf7 32.Rxb7+ Nxb7 33.Nd7 Nd6 34.Ne5+ Ke7 35.Kf3 Ne4 36.Nc6+ Kd6 37.Nd4 Nxc3
38.g4 fxg4+ 39.Kxg4 Kd5 40.Nc2 Ne2 41.f5 exf5+  0-1

[Event "ch-Euro Blitz"]
[Site "Ajaccio FRA"]
[Date "2007.10.26"]
[Round "28"]
[White "Mikhalevski,V"]
[Black "Prie,E"]
[Result "1-0"]
[WhiteElo "2584"]
[BlackElo "2532"]

1.d4 d5 2.c4 c6 3.Nf3 Nf6 4.Nc3 a6 5.c5 Nbd7 6.Bf4 Nh5 7.Bg5 h6 8.Bd2 Nhf6
9.Bf4 Nh5 10.Be5 Nxe5 11.Nxe5 Nf6 12.e4 Be6 13.f3 g6 14.Be2 Bg7 15.O-O O-O
16.Qd3 Qc7 17.Qe3 Rad8 18.f4 dxe4 19.Nxe4 Nd5 20.Qg3 Bf5 21.Nc3 Nb4 22.Rad1 Nc2
23.Qf2 b6 24.Bxa6 bxc5 25.dxc5 Bxe5 26.fxe5 Qxe5 27.Rxd8 Rxd8 28.g4 Ne3 29.Re1 Nc2
30.Rc1 Be4 31.Rf1  1-0

[Event "Open A"]
[Site "Arco di Trento ITA"]
[Date "2007.10.26"]
[Round "7"]
[White "Henrichsen,J"]
[Black "Picone,F"]
[Result "1/2-1/2"]
[WhiteElo "1992"]
[BlackElo "1864"]

1.d4 d5 2.Nf3 Nf6 3.c4 c6 4.Nc3 a6 5.Bg5 Ne4 6.cxd5 Nxg5 7.Nxg5 cxd5 8.e3 e6
9.Nf3 Nc6 10.Be2 Bd6 11.O-O b5 12.Rc1 Bb7 13.a3 Rc8 14.Bd3 O-O 15.e4 dxe4
16.Nxe4 Bf4 17.Rc2 Nxd4 18.Rxc8 Bxc8 19.Nxd4 Qxd4 20.Ng5 f5 21.Nf3 Qd6 22.g3 Rd8
23.gxf4 Qxd3 24.Qxd3 Rxd3 25.Rc1 Bb7 26.Ng5 Rd6 27.Kf1 h6 28.Nf7 Kxf7 29.Rc7+ Kf6
30.Rxb7 g5 31.fxg5+ hxg5 32.Ke2 e5 33.a4 bxa4 34.Rb4 e4 35.Rxa4 Ke5 36.Ra5+ Kf4
37.h3 Rb6 38.Kf1 Rxb2 39.Rxa6 Rb3 40.Kg2 Rb5  1/2-1/2

[Event "Open A"]
[Site "Arco di Trento ITA"]
[Date "2007.10.26"]
[Round "7"]
[White "Giuriato,S"]
[Black "Crea,V"]
[Result "1/2-1/2"]
[WhiteElo "1990"]
[BlackElo "2042"]

1.d4 d5 2.c4 c6 3.Nc3 Nf6 4.Nf3 a6 5.e3 Bf5 6.cxd5 cxd5 7.Qb3 Ra7 8.Ne5 Nc6
9.Be2 e6 10.Nxc6 bxc6 11.O-O Bd6 12.Qa4 Qb6 13.a3 a5 14.Qd1 O-O 15.Bd3 Bxd3
16.Qxd3 Qb8 17.h3 Rc8  1/2-1/2

[Event "22nd GP Open A"]
[Site "Le Touquet FRA"]
[Date "2007.10.28"]
[Round "2"]
[White "Israel,G"]
[Black "Handke,F"]
[Result "0-1"]
[WhiteElo "2165"]
[BlackElo "2497"]

1.d4 d5 2.c4 c6 3.Nf3 Nf6 4.Nc3 a6 5.c5 Bf5 6.Bf4 h6 7.h3 Nbd7 8.e3 e6 9.Be2 Be7
10.O-O O-O 11.b4 Ne4 12.Nxe4 Bxe4 13.Nd2 Bg6 14.Bh2 Re8 15.Nb3 Bf8 16.a4 e5
17.dxe5 Nxe5 18.Bxe5 Rxe5 19.a5 Qd7 20.Bd3 Bxd3 21.Qxd3 Rae8 22.Rad1 Qc8
23.Nd4 Be7 24.Qe2 Bd8 25.Qf3 Bc7 26.Rd2 Bb8 27.Rfd1 Qc7 28.Kf1 Re4 29.g3 g6
30.Rd3 Qc8 31.h4 h5 32.Ke2 Be5 33.Kf1 Qc7 34.Kg2 Rg4 35.Kf1 Bg7 36.Kg2 Ree4
37.R3d2 Be5 38.Kf1 Qe7 39.Qh1 Bxd4 40.Rxd4 Rxd4 41.Rxd4 Rxd4 42.exd4 Qe4
43.Qxe4 dxe4  0-1

[Event "22nd GP Open A"]
[Site "Le Touquet FRA"]
[Date "2007.10.30"]
[Round "5"]
[White "Heinis,V"]
[Black "Krasucki,Y"]
[Result "1-0"]
[WhiteElo "2202"]
[BlackElo "2037"]

1.d4 Nf6 2.Nf3 d5 3.c4 c6 4.Nc3 a6 5.h3 b5 6.c5 g6 7.Bf4 Nbd7 8.e3 Bg7 9.Be2 O-O
10.O-O Re8 11.Bh2 Bb7 12.b4 Ne4 13.Nxe4 dxe4 14.Nd2 f5 15.Nb3 Rc8 16.Na5 Ba8
17.Qb3+ Kh8 18.Rad1 e6 19.f3 Qh4 20.fxe4 Qxe4 21.Bf3 Qh4 22.Bd6 g5 23.Qc2 g4
24.hxg4 fxg4 25.g3 Qh5 26.Be4 e5 27.Bf5 Rcd8 28.Bc7 Bh6 29.Rde1 exd4 30.Bxd8 Ne5
31.Bf6+ Bg7 32.Bxe5 Bxe5 33.Qh2  1-0

[Event "2nd MAIG Team Standard"]
[Site "Macau CHN"]
[Date "2007.10.30"]
[Round "6"]
[White "Kazhgaleyev,M"]
[Black "Samhouri,A"]
[Result "1-0"]
[WhiteElo "2599"]
[BlackElo "2332"]

1.d4 d5 2.c4 c6 3.Nf3 Nf6 4.Nc3 a6 5.Ne5 dxc4 6.Nxc4 b5 7.Ne5 Bb7 8.Bf4 e6
9.e3 Nbd7 10.Qf3 Rc8 11.Bd3 Be7 12.O-O Nxe5 13.Bxe5 O-O 14.Qh3 g6 15.Rad1 Nd7
16.Bf4 Qa5 17.Bh6 Rfd8 18.f4 f5 19.e4 b4 20.exf5 exf5 21.Ne4 Nb6 22.Bg5 Rc7
23.Bxe7 Rxe7 24.Qh4 Nd5 25.Nf6+ Kf8 26.Bc4 Qc7 27.Rfe1 h5 28.Nxd5 cxd5 29.Qf6+  1-0

[Event "Open"]
[Site "Villa de Navalmoral ESP"]
[Date "2007.11.08"]
[Round "7"]
[White "Garcia Romero,B"]
[Black "Burmakin,V"]
[Result "0-1"]
[WhiteElo "2224"]
[BlackElo "2582"]

1.d4 d5 2.c4 c6 3.Nf3 Nf6 4.Nc3 a6 5.c5 Nbd7 6.Bf4 g6 7.e3 Nh5 8.Be5 Nxe5
9.Nxe5 Bd7 10.g4 Nf6 11.h4 Bg7  0-1

[Event "Open"]
[Site "Villa de Navalmoral ESP"]
[Date "2007.11.09"]
[Round "9"]
[White "Del Rio Angelis,S"]
[Black "Burmakin,V"]
[Result "1/2-1/2"]
[WhiteElo "2512"]
[BlackElo "2582"]

1.d4 d5 2.c4 c6 3.Nf3 Nf6 4.Nc3 a6 5.Bd2 Nbd7 6.cxd5 cxd5 7.Bf4 e6 8.e3 Be7
9.Bd3 b5 10.Ne5 Bb7 11.Rc1 Nxe5 12.Bxe5 O-O 13.O-O Rc8 14.Bb1 Nd7 15.Qd3 g6
16.Bf4 Nb6 17.Ne2 Qd7 18.Bh6 Rfe8 19.Nf4 Rxc1 20.Rxc1 Rc8 21.Qd1 Rxc1 22.Qxc1 Qc8
23.Nd3 Nc4 24.Bf4 f6 25.Bc2 Kf7 26.Kf1 Bf8 27.Ke1 Ke8 28.Bd1 Kd8 29.Be2 Na5
30.Kd2  1/2-1/2

[Event "TCh-BEL 2007-8"]
[Site "Belgium BEL"]
[Date "2007.11.18"]
[Round "4"]
[White "Bertrem,S"]
[Black "Abergel,T"]
[Result "0-1"]
[WhiteElo "2212"]
[BlackElo "2528"]

1.d4 d5 2.c4 c6 3.Nc3 Nf6 4.Nf3 a6 5.g3 dxc4 6.Bg2 b5 7.O-O e6 8.a4 Bb7 9.e4 Nbd7
10.axb5 axb5 11.Rxa8 Bxa8 12.d5 cxd5 13.exd5 Bxd5 14.Nxd5 Nxd5 15.Nd4 N7b6
16.Nxb5 Qd7 17.Nd4 Be7 18.Qg4 O-O 19.Rd1 Bf6 20.Ne2 Qa4 21.Nd4 c3 22.b3 Qb4
23.Be4 g6 24.Nxe6 Re8 25.Qf3 fxe6 26.Bxd5 Nxd5 27.Rxd5 exd5 28.Qxd5+ Kh8  0-1

[Event "WYg18"]
[Site "Kemer TUR"]
[Date "2007.11.19"]
[Round "2"]
[White "Rakic,Ma"]
[Black "Minina,A"]
[Result "1/2-1/2"]
[WhiteElo "2232"]
[BlackElo "2084"]

1.d4 d5 2.c4 c6 3.Nf3 Nf6 4.Nc3 a6 5.a4 g6 6.e3 Bg7 7.Be2 O-O 8.O-O Nbd7
9.cxd5 cxd5 10.b4 b6 11.Ba3 Bb7 12.Nd2 e5 13.dxe5 Nxe5 14.b5 Re8 15.Nb3 Ne4
16.Nxe4 dxe4 17.Nd4 a5 18.Rc1 Rc8 19.Rxc8 Qxc8 20.Qb3 Qb8 21.Bc4 Rc8 22.Bd5 Bf8
23.Bb2 Bxd5 24.Qxd5 Nd3 25.Nc6 Qd6 26.Qxd6 Bxd6 27.Bd4 Nc5 28.Bxc5 Bxc5 29.Rc1 Kf8
30.g4 h6  1/2-1/2

[Event "WYb18"]
[Site "Kemer TUR"]
[Date "2007.11.21"]
[Round "4"]
[White "Enchev,I"]
[Black "Tologontegin,S"]
[Result "1-0"]
[WhiteElo "2319"]
[BlackElo "2320"]

1.d4 d5 2.Nf3 Nf6 3.c4 c6 4.Nc3 a6 5.c5 Nbd7 6.Bf4 Nh5 7.Bd2 Nhf6 8.Bf4 Nh5
9.Bd2 g6 10.e4 dxe4 11.Nxe4 Bg7 12.Bc4 O-O 13.O-O Nhf6 14.Nc3 e6 15.Bg5 Qc7
16.Re1 b6 17.cxb6 Nxb6 18.Bb3 Bb7 19.Rc1 h6 20.Bh4 Rad8 21.Qe2 g5 22.Bg3 Qe7
23.Red1 Rfe8 24.Ne5 Qb4 25.Nd3 Qa5 26.Bc7 Rc8 27.Bxb6 Qxb6 28.Ne1 Qa5  1-0

[Event "WYb18"]
[Site "Kemer TUR"]
[Date "2007.11.21"]
[Round "4"]
[White "Alvarez Ramirez,M"]
[Black "Delorme,Ax"]
[Result "0-1"]
[WhiteElo "2204"]
[BlackElo "2328"]

1.d4 d5 2.c4 c6 3.Nf3 Nf6 4.Nc3 a6 5.c5 Bf5 6.Bf4 Nbd7 7.h3 g6 8.e3 Bg7 9.Be2 Ne4
10.O-O O-O 11.g4 Be6 12.Qc2 f5 13.g5 Bf7 14.Nxe4 fxe4  0-1

[Event "WYb18"]
[Site "Kemer TUR"]
[Date "2007.11.22"]
[Round "6"]
[White "Kanakaris,G"]
[Black "Tologontegin,S"]
[Result "1/2-1/2"]
[WhiteElo "2236"]
[BlackElo "2320"]

1.d4 Nf6 2.c4 c6 3.Nc3 d5 4.Nf3 a6 5.e3 b5 6.cxd5 cxd5 7.Bd3 e6 8.O-O Nbd7
9.Bd2 Bb7 10.Rc1 Bd6 11.Qb3 O-O 12.Ne2 Qe7 13.Ng3 Ne4 14.Ba5 Rac8 15.a3 f5
16.Rxc8 Rxc8 17.Nd2 g6 18.f4 Ndf6 19.Be2 Qd7 20.Ra1 Kf7 21.Ngf1 Qe7 22.Nf3 Nd7
23.Bd3 h6 24.Qd1 Kg7 25.Rc1 g5 26.Rxc8 Bxc8 27.Ne5 gxf4 28.exf4 Nb8 29.Bxe4 dxe4
30.Qh5 Bxe5 31.fxe5 Kh7 32.Bd2 Qf8 33.Ng3 Bd7 34.Qh4 Be8 35.Bxh6 Qxh6 36.Qe7+ Qg7
37.Qxe8 Qg5 38.Qxe6 Qe3+ 39.Kf1 Qd3+ 40.Ne2 e3 41.Qf7+ Kh6 42.Qf6+ Kh5 43.Qh8+ Kg6
44.Qe8+ Kh6 45.Qe6+ Kh5 46.Qf7+ Kh6 47.Qf6+ Kh5 48.Qh8+ Kg6 49.Qh4 Nc6  1/2-1/2

[Event "WYb18"]
[Site "Kemer TUR"]
[Date "2007.11.22"]
[Round "6"]
[White "Grigoryan,Av"]
[Black "Popov,Iv RUS"]
[Result "1/2-1/2"]
[WhiteElo "2489"]
[BlackElo "2539"]

1.d4 d5 2.c4 c6 3.Nf3 Nf6 4.Nc3 a6 5.c5 Nbd7 6.Bf4 Nh5 7.Bg5 h6 8.Bd2 Nhf6
9.Qc2 g6 10.e4 dxe4 11.Nxe4 Nxe4 12.Qxe4 Nf6 13.Qc2 Be6 14.Bd3 Bg7 15.O-O O-O
16.h3 Qd7 17.Rfe1 Bf5 18.Bxf5 gxf5 19.Rad1 Ne4 20.Ba5 Qd5 21.b3 b5 22.Qc1 Kh7
23.Qf4 e6 24.Ne5 Rg8 25.f3 Bxe5 26.Qxe5 Nc3 27.Rd3 Qxe5 28.dxe5 Nd5 29.Rd4 Kg6
30.Kh2 f6 31.exf6 Kxf6 32.f4 Rg6 33.g3 h5 34.h4 Re8 35.Rd3 Rg7 36.Rxd5 cxd5
37.Bc3+ e5 38.Rxe5 Rge7 39.Rxd5+ Kg6 40.Be5 Re6 41.Kg2 Rc6 42.Kf3 Rec8 43.b4 a5
44.a3 axb4 45.axb4 Ra8 46.Ke3 Ra2 47.Rd1 Kf7 48.Kd4 Ke6 49.Re1 Rd2+ 50.Kc3 Rg2
51.Bd6+ Kf6 52.Ra1 Ke6 53.Re1+ Kf6 54.Ra1 Ke6 55.Re1+ Kf6 56.Ra1 Ke6  1/2-1/2

[Event "KNSB TCh-NED 2007-8"]
[Site "Netherlands NED"]
[Date "2007.11.24"]
[Round "4"]
[White "Sokolov,Iv NED"]
[Black "Van Delft,M"]
[Result "1-0"]
[WhiteElo "2673"]
[BlackElo "2418"]

1.d4 d5 2.c4 c6 3.Nc3 Nf6 4.Nf3 a6 5.c5 Bf5 6.Bf4 Nbd7 7.e3 e6 8.Be2 Ne4
9.Qb3 Ra7 10.Ne5 Nxe5 11.Bxe5 f6 12.Bf4 Nxc3 13.bxc3 Bg6 14.a4 Be7 15.a5 O-O
16.h4 h6 17.h5 Bh7 18.O-O Kh8 19.Ra4 Qc8 20.c4 Bd8 21.Bg4 f5 22.Be2 Rf7 23.Rfa1 Bg8
24.Bd3 Bh7 25.Rb4 Bg8 26.Qb1 Bh7 27.Qd1 Ra8 28.Qf3 Ra7 29.Be5 Ra8 30.Ra3 Kg8
31.Rb2 Ra7 32.Qe2 Kh8 33.Kh1 Ra8 34.Rab3 Bg8 35.Qd2 Bh7 36.Kg1 Ra7 37.Be2 Kg8
38.Qe1 Kh8 39.Qf1 Qa8 40.Qc1 Kg8 41.Qc3 Kh8 42.Kf1 Qc8 43.g3 Ra8 44.Ke1 Ra7
45.Kd2 Ra8 46.Kc1 Ra7 47.Rd2 Ra8 48.Kb2 Bf6 49.Bd6 Rd7 50.Ka3 Bg8 51.Rdb2 Ra7
52.cxd5 exd5 53.Bf4 Be6 54.Qc2 Rf7 55.Bd3 Bd8 56.Ka4 Bc7 57.Qb1 Bxf4 58.exf4 Qc7
59.Re2 Rf6 60.Re5 Qf7 61.Qe1 Ra8 62.Bc2 Rf8 63.Rbe3 Bc8 64.Qe2 Qg8 65.Kb4 R6f7
66.Qd3 Rf6 67.Re7 R6f7 68.R7e5 Rf6 69.Qe2 R6f7 70.Kc3 Rf6 71.Kd2 R6f7 72.Ke1 Rf6
73.Kf1 R6f7 74.Kg2 Rf6 75.Qe1 R6f7 76.f3 Rf6 77.Re7 R6f7 78.Bd3 Rxe7 79.Rxe7 Rf7
80.Kf2 Rxe7 81.Qxe7 Qe6 82.Qf8+ Qg8 83.Qd6 Qe6 84.Qb8 Kg8 85.Be2 Kf7 86.g4 Ke7
87.Qc7+ Qd7 88.Qe5+ Kf8 89.Kg3 Qd8 90.Qb8 Ke7 91.Kf2 Kf8 92.g5 Kg8 93.Bd3 Qd7
94.Ke3 Qe6+ 95.Kd2 Qd7 96.Kc3 Qe6 97.Kb3 Kh7 98.Qd6 Kg8 99.Qd8+  1-0

[Event "Parsvnath ch-Commonwealth"]
[Site "New Delhi IND"]
[Date "2007.12.05"]
[Round "4"]
[White "Gupta,Ab"]
[Black "Swathi,G"]
[Result "1/2-1/2"]
[WhiteElo "2470"]
[BlackElo "2316"]

1.d4 d5 2.c4 c6 3.Nc3 Nf6 4.Nf3 a6 5.Ne5 e6 6.Bf4 dxc4 7.Nxc4 b5 8.Ne5 Bb7
9.e3 c5 10.dxc5 Qxd1+ 11.Rxd1 Bxc5 12.Be2 Nbd7 13.Nxd7 Nxd7 14.O-O Ke7 15.a4 b4
16.Nb1 Rhd8 17.Nd2 e5 18.Bg3 f6 19.Rc1 Rac8 20.Nc4 Bc6 21.b3 Bd5 22.Rfd1 Bxc4
23.Bxc4 a5 24.Bd3 g6 25.Ba6 Rc7 26.Kf1 Bd6 27.Rxc7 Bxc7 28.Rd5 Bb6 29.Bc4 Nc5
30.Rxd8 Bxd8 31.f3 h6 32.Ke2 Bc7 33.Bf2 Kd6 34.g4 g5 35.h4 Bd8 36.Bg3 Be7
37.Kd2 Bf8 38.Kc2 Be7 39.Bd3 Bf8 40.Bf5 Be7 41.f4 Bf8 42.Bg6  1/2-1/2

[Event "It"]
[Site "Podgorica MNE"]
[Date "2007.12.09"]
[Round "1"]
[White "Rajkovic,Du"]
[Black "Nikcevic,N"]
[Result "1/2-1/2"]
[WhiteElo "2522"]
[BlackElo "2421"]

1.d4 d5 2.c4 c6 3.Nf3 Nf6 4.Nc3 a6 5.e3 b5 6.c5 g6 7.b4 a5 8.bxa5 Qxa5 9.Bd2 b4
10.Ne2 Ne4 11.Nc1 Bg7 12.Nb3 Qa4 13.Bd3 Ba6 14.Qc2 Nxd2 15.Nfxd2 e5 16.O-O O-O
17.Rfb1 exd4 18.Nxd4 Bxd3 19.Qxd3 Nd7 20.N2b3 Ne5 21.Qc2 Nc4 22.Re1 Na3 23.Qd3 Qa6
24.Qd2 Rfb8 25.Rac1 Nb5 26.Rc2 Na3 27.Rcc1 Nb5 28.Rc2  1/2-1/2

[Event "UTD GM Invitational"]
[Site "Richardson USA"]
[Date "2007.12.14"]
[Round "11"]
[White "Zhao Jun"]
[Black "Ramirez,Alej"]
[Result "1/2-1/2"]
[WhiteElo "2552"]
[BlackElo "2505"]

1.d4 Nf6 2.Nf3 d5 3.c4 c6 4.Nc3 a6 5.c5 Bf5 6.Qb3 Qc8 7.Na4 Nbd7 8.Ne5 h6
9.f3 e6 10.g4 Bh7 11.h4 Nxe5 12.Nb6 Qd8 13.dxe5 Nd7 14.Nxa8 Qxa8 15.Qc3 Bxc5
16.Be3 Be7 17.Bg2 c5 18.f4 d4 19.Qb3 c4 20.Qxc4 dxe3 21.Rd1 Nb6 22.Qd4 Qd8
23.Qxd8+ Bxd8 24.Bxb7 Nd5 25.Bc6+ Ke7 26.O-O Ba5 27.Bxd5 exd5 28.Rxd5 Bd2
29.f5 Rc8 30.Rf4 h5 31.e6 fxe6 32.fxe6 Rc1+ 33.Kg2 Kxe6 34.Rxh5 Bb1 35.Ra4 a5
36.Raxa5 Bxa5 37.Rxa5 Rc2 38.Kf3 Rxb2 39.a4 Rb4 40.Rb5 Be4+ 41.Kf4 Rxb5 42.axb5 Bb7
43.h5 Kf6 44.b6 Ba8 45.g5+ Ke6 46.Kxe3 Kf5 47.h6 gxh6 48.gxh6 Kg6  1/2-1/2

[Event "ch-RSA"]
[Site "Milnerton RSA"]
[Date "2007.12.15"]
[Round "3"]
[White "Solomon,K"]
[Black "Ophoff,J"]
[Result "1/2-1/2"]
[WhiteElo "2332"]
[BlackElo "2260"]

1.Nf3 d5 2.d4 Nf6 3.c4 c6 4.Nc3 a6 5.c5 Nbd7 6.Bf4 Nh5 7.Bg5 h6 8.Bd2 Nhf6
9.Bf4 Nh5 10.Be5 Nxe5 11.Nxe5 Nf6 12.Qc2 g6 13.e3 Bf5 14.Bd3 Bxd3 15.Qxd3 Bg7
16.O-O O-O 17.Na4 Qc7 18.Nb6 Rad8 19.f3 Kh7 20.b4 Ne8 21.f4 Nf6 22.Nf3 Nd7
23.Nxd7 Qxd7 24.a4 f6 25.Nh4 Qg4 26.g3 e5 27.f5 g5 28.Ng2 Rfe8 29.Qd1 Qh3
30.Ra2 Rd7 31.b5 axb5 32.axb5 exd4 33.bxc6 bxc6 34.exd4 Re4 35.Qa4 Rc7 36.Qa8 Qh5
37.Qd8 Qf7 38.Ra8 Rxd4 39.Re1 Re4 40.Rxe4 dxe4 41.Ne3 Ra7 42.Rxa7 Qxa7 43.Qd6 Qa3
44.Kf2 Qb2+ 45.Kg1 Qc1+ 46.Kf2 Qh1 47.Ng2 Qxh2 48.Qe7 e3+ 49.Qxe3 Bf8 50.Qd4 Qh5
51.Qd7+ Kg8 52.Qxc6 Qf7 53.Ne3 Qa2+ 54.Kf3 h5 55.Qd5+ Qxd5+ 56.Nxd5 Bxc5
57.Nxf6+ Kf7 58.Nxh5 Ba3 59.Ke4 Bb2 60.g4 Ba3 61.Ng3 Bb2 62.Kd5 Bc1 63.Ne4 Bf4
64.f6 Bh2 65.Kd4 Bb8 66.Kc5 Be5  1/2-1/2

[Event "7th Amplico AIG Life"]
[Site "Warsaw POL"]
[Date "2007.12.15"]
[Round "4"]
[White "Marszalek,Mac"]
[Black "Vysochin,S"]
[Result "1/2-1/2"]
[WhiteElo "2395"]
[BlackElo "2524"]

1.d4 d5 2.c4 c6 3.Nc3 Nf6 4.Nf3 a6 5.c5 Nbd7 6.Bf4 Nh5 7.Bd2 Nhf6 8.Bf4 Nh5
9.Bd2 Nhf6 10.Bf4 Nh5 11.Bd2 g6 12.g3 Bg7 13.Bg2 O-O 14.O-O f5 15.Qc1 Re8
16.Bf4 e5 17.Nxe5 Nxe5 18.Bxe5 Bxe5 19.dxe5 Rxe5 20.e3 Nf6 21.b4 Qf8 22.Qb2 Re7
23.a4 Bd7 24.b5 Ree8 25.Rfc1 axb5 26.axb5 Rxa1 27.Qxa1 Ra8 28.Qb2 Ne4 29.Nxe4 fxe4
30.bxc6 bxc6 31.h3 Rb8 32.Qa2 Ra8 33.Qb2 Qb8 34.Qf6 Ra2 35.Rd1 Qf8 36.Qxf8+ Kxf8
37.Bxe4 Bxh3 38.Bd3 Bg4 39.Rb1 Bf3 40.Bf1 Rc2 41.Bg2 Bg4 42.Rb4 h5 43.e4 Rc1+
44.Kh2 Rxc5 45.exd5 cxd5 46.Rb6 Kf7 47.Rd6 Be6 48.Bh3 Bxh3 49.Kxh3 g5 50.Rh6 Rc2
51.Rxh5 Kg6 52.Kg4 Rc4+ 53.f4 gxf4 54.gxf4 Rxf4+ 55.Kxf4 Kxh5 56.Ke5  1/2-1/2

[Event "Open A"]
[Site "Zadar CRO"]
[Date "2007.12.17"]
[Round "3"]
[White "Jankovic,A"]
[Black "Milchev,N"]
[Result "1-0"]
[WhiteElo "2548"]
[BlackElo "2328"]

1.d4 d5 2.c4 c6 3.Nc3 Nf6 4.Nf3 a6 5.e3 b5 6.c5 g6 7.Bd3 Bg7 8.h3 Bf5 9.Bxf5 gxf5
10.Ne5 h5 11.Ne2 Qc7 12.a4 Ra7 13.b4 e6 14.Bb2 Nfd7 15.Nd3 Nf8 16.h4 Nbd7
17.Ng3 Nf6 18.Nf4 Bh6 19.Ngxh5 Ng4 20.axb5 axb5 21.Ke2 Nd7 22.Rxa7 Qxa7 23.Qa1 Qb7
24.Qa3 Ke7 25.Ra1 Bxf4 26.Nxf4 Rxh4 27.Qa6 Qxa6 28.Rxa6 e5 29.dxe5 Ngxe5
30.Bc3 Kd8 31.Ra8+ Ke7 32.Rc8 Rh1 33.Nd3 Nxd3 34.Kxd3 Rh6 35.Ke2 Re6 36.Kf3 Nf8
37.Kf4 Ng6+ 38.Kxf5 Kd7 39.Ra8 Nh4+ 40.Kg5 Nxg2 41.Bf6 Ne1 42.Ra7+ Ke8 43.Ra8+ Kd7
44.Rd8+ Kc7 45.Rf8 Nd3 46.Rxf7+ Kc8 47.Bd4 Nxb4 48.f4 Nc2 49.f5 Nxd4 50.exd4 Re1
51.f6 Kd8 52.Rb7 Ke8 53.Kf5 Re4 54.Rc7 Rxd4 55.Rxc6 Rd1 56.Rd6 d4 57.c6 Rc1
58.Rxd4 Rxc6 59.Kg6 Rb6 60.Kg7 Rb7+ 61.Kg8 Rb8 62.f7+ Ke7+ 63.Kg7 Rc8 64.Rb4 Kd6
65.Rxb5  1-0

[Event "16th Donau Open"]
[Site "Aschach Donau AUT"]
[Date "2007.12.26"]
[Round "1"]
[White "Zojer,S"]
[Black "Szuhanek,R"]
[Result "0-1"]
[WhiteElo "2079"]
[BlackElo "2485"]

1.d4 d5 2.c4 c6 3.Nf3 Nf6 4.Nc3 a6 5.c5 Bf5 6.Bf4 Nbd7 7.g3 Ne4 8.Bg2 g6
9.Nxe4 Bxe4 10.O-O Bg7 11.Qd2 O-O 12.b4 Re8 13.a4 Bxf3 14.Bxf3 e5 15.Be3 Qe7
16.Rfc1 f5 17.Rab1 Bf6 18.b5 axb5 19.axb5 Ra4 20.bxc6 bxc6 21.Rb7 Qe6 22.Qd1 Rea8
23.Qb3 Ra1 24.Rc7 e4 25.Bg2 Bxd4 26.Rxa1 Rxa1+ 27.Bf1 Be5 28.Rc8+ Kf7 29.Qb7 f4
30.Kg2 fxe3 31.Rxc6 Qf5  0-1

[Event "Harmonie Open A"]
[Site "Groningen NED"]
[Date "2007.12.26"]
[Round "5"]
[White "Halkias,S"]
[Black "Michielsen,J"]
[Result "1-0"]
[WhiteElo "2590"]
[BlackElo "2309"]

1.Nf3 d5 2.d4 Nf6 3.c4 c6 4.Nc3 a6 5.c5 Bf5 6.Bf4 Nbd7 7.e3 e6 8.Be2 Be7
9.Nd2 h6 10.Rc1 Qc8 11.b4 O-O 12.g4 Bg6 13.h4 Re8 14.g5 hxg5 15.hxg5 Nh7
16.Nf3 a5 17.b5 e5 18.Nxe5 Nxe5 19.Bxe5 Nxg5 20.Bd3 Qe6 21.Kf1 Bxc5 22.bxc6 bxc6
23.Ne2 Bf8 24.Bxg6 Qxg6 25.Ng3 c5 26.Qg4 c4 27.Kg2 Ne4 28.Qxg6 fxg6 29.Nxe4 dxe4
30.Rxc4 a4 31.Rhc1 Ra5 32.Rc7 Re7 33.Rc8 Rf7 34.Rb8 Ra6 35.Rcc8 a3 36.Rd8  1-0

[Event "Petrovskaya Ladya GM"]
[Site "Peterhof RUS"]
[Date "2008.01.04"]
[Round "3"]
[White "Yevseev,D"]
[Black "Matlakov,M"]
[Result "1/2-1/2"]
[WhiteElo "2499"]
[BlackElo "2441"]

1.d4 d5 2.c4 c6 3.Nc3 Nf6 4.Nf3 a6 5.Ne5 e6 6.g3 Nbd7 7.Bg2 Nxe5 8.dxe5 Nd7
9.cxd5 cxd5 10.e4 d4 11.Qxd4 Bc5 12.Qd1 Nxe5 13.Qxd8+ Kxd8 14.f4 Nc6 15.e5 Bd7
16.Bd2 Kc7 17.Ne4 Bd4 18.O-O-O f6 19.exf6 gxf6 20.Bc3 Bxc3 21.bxc3 Raf8 22.Rhe1 e5
23.fxe5 fxe5 24.Rd6 Bf5 25.Red1 Rd8 26.Rf6 Rhf8 27.Rxd8 Rxf6 28.Nxf6 Kxd8
29.g4 Bg6 30.g5 Ke7 31.h4 Nd8 32.Kd2 b5 33.h5 Bf7 34.Nxh7 Bxh5 35.Nf6  1/2-1/2

[Event "TCh-BEL 2007-8"]
[Site "Belgium BEL"]
[Date "2008.01.06"]
[Round "6"]
[White "Feller,S"]
[Black "Foisor,C"]
[Result "1/2-1/2"]
[WhiteElo "2522"]
[BlackElo "2412"]

1.d4 d5 2.c4 c6 3.Nf3 Nf6 4.Nc3 a6 5.c5 Bf5 6.Bf4 Nbd7 7.Nh4 Be6 8.e3 g6
9.h3 Bg7 10.Bd3 b6 11.cxb6 Qxb6 12.Qb3 O-O 13.Qxb6 Nxb6 14.a4 a5 15.Nf3 Rfc8
16.Ke2 Bf5 17.Rhc1 Bxd3+ 18.Kxd3 Nfd7 19.Bh2 f6 20.Nd2 e5 21.b3 Bf8 22.f3 Bb4
23.Bg1 c5 24.dxe5 fxe5 25.Ke2 c4 26.bxc4 dxc4 27.Nde4 Rc6 28.Rd1 Nc5 29.Bh2 Re8
30.Ra2 Bxc3 31.Nxc3 e4 32.Rc2 Rce6 33.Bg1 Re5 34.f4 R5e6 35.Nd5 Nxd5 36.Rxd5 Nxa4
37.Rxa5 Nb6 38.Bf2 Rd8 39.Ra6 Rc6 40.Be1 Rdc8 41.Ra7 c3 42.Re7 Rc4 43.Re5 Na4
44.Rb5 Kf7 45.g4 R8c5 46.Rb7+ Rc7 47.Rb3 Ke6 48.Bg3 Rd7 49.Rb5 Rd5 50.Rb7 Rd3
51.Bh4 Nb2 52.f5+ gxf5 53.Re7+ Kd6 54.gxf5 Rd5 55.f6 Rf5 56.Bg3+ Kc6 57.f7 Nd3
58.Rc7+  1/2-1/2

[Event "Petrovskaya Ladya IM"]
[Site "Peterhof RUS"]
[Date "2008.01.06"]
[Round "6"]
[White "Borisova,E"]
[Black "Kosov,Iv"]
[Result "0-1"]
[WhiteElo "2305"]
[BlackElo "2365"]

1.d4 d5 2.c4 c6 3.Nf3 Nf6 4.Nc3 a6 5.Ne5 g6 6.cxd5 cxd5 7.Bf4 Bg7 8.e3 O-O
9.Be2 Nc6 10.O-O Nxe5 11.dxe5 Ne4 12.Bf3 Nxc3 13.bxc3 Be6 14.e4 dxe4 15.Bxe4 Qc7
16.Qf3 Rab8 17.a4 b6 18.Rfe1 Rfc8 19.Re3 a5 20.Rd1 b5 21.Bd5 Bxd5 22.Rxd5 bxa4
23.h4 e6 24.Rd1 a3 25.Ra1 Rb2 26.Rxa3 Rb1+ 27.Kh2 Qe7 28.Ra4 Qxh4+ 29.Qh3 Qxf2
30.Qf3 Qxf3 31.gxf3 Rb5 32.c4 Rb4 33.Rxa5 Rbxc4 34.Kg3 Rxf4 35.Kxf4 Bh6+
36.Ke4 Bxe3 37.Kxe3 Rc3+ 38.Kf4 Rc4+ 39.Kg3 g5 40.Kf2 Rf4 41.Ke3 Kg7 42.Ra8 h5
43.Ra1 h4 44.Rh1 Kg6 45.Rg1 Kf5 46.Ke2 h3 47.Rh1 Rh4 48.Kf2 Kxe5 49.Kg3 h2
50.Re1+ Kf5 51.Rh1 e5 52.Kg2 Kf4 53.Kf2 f5 54.Kg2 g4 55.fxg4 Kxg4  0-1

[Event "Petrovskaya Ladya GM"]
[Site "Peterhof RUS"]
[Date "2008.01.08"]
[Round "8"]
[White "Khuseinkhodzhaev,M"]
[Black "Matlakov,M"]
[Result "1-0"]
[WhiteElo "2397"]
[BlackElo "2441"]

1.d4 d5 2.Nf3 Nf6 3.c4 c6 4.Nc3 a6 5.cxd5 cxd5 6.Bf4 Nc6 7.e3 Bg4 8.Qb3 Na5
9.Qc2 Bxf3 10.gxf3 e6 11.Rg1 g6 12.Bg5 Be7 13.Bh6 b5 14.Bd3 Bf8 15.Bg5 Be7
16.Rc1 Rc8 17.Qb1 Qb6 18.Bh6 Kd7 19.Ke2 Rc7 20.Bf4 Bd6 21.Be5 Bxe5 22.dxe5 Nh5
23.f4 Rhc8 24.f5 Nc6 25.fxe6+ fxe6 26.Bxg6 hxg6 27.Qxg6 Ne7 28.Nxd5 Ng3+
29.Rxg3 Nxd5 30.Qf7+ Ne7 31.Rd1+ Kc6 32.Rd6+  1-0

[Event "Petrovskaya Ladya GM"]
[Site "Peterhof RUS"]
[Date "2008.01.08"]
[Round "9"]
[White "Levin,Ev"]
[Black "Shimanov,A"]
[Result "1/2-1/2"]
[WhiteElo "2440"]
[BlackElo "2441"]

1.d4 d5 2.c4 c6 3.Nc3 Nf6 4.Nf3 a6 5.e3 b5 6.b3 Bf5 7.Ne5 h6 8.g4 Bh7 9.Bg2 e6
10.O-O Bd6 11.f4 O-O 12.c5 Bc7  1/2-1/2

[Event "Petrovskaya Ladya GM"]
[Site "Peterhof RUS"]
[Date "2008.01.09"]
[Round "10"]
[White "Malinin,V"]
[Black "Fazulyanov,S"]
[Result "1/2-1/2"]
[WhiteElo "2346"]
[BlackElo "2354"]

1.d4 d5 2.c4 c6 3.Nf3 Nf6 4.Nc3 a6 5.c5 b5 6.Qc2 g6 7.Ne5 Bf5 8.Qb3 Nfd7
9.f4 f6 10.Nd3 e5 11.e3 Bg7 12.Be2 exd4 13.exd4 Bxd3 14.Bxd3 f5 15.Be3 Qe7
16.Kd2 Nf6 17.Rae1 Nbd7 18.g4 Ne4+ 19.Kc1 O-O-O 20.a4 Ndxc5 21.dxc5 d4 22.Bxe4 fxe4
23.Nxe4 Qxe4 24.Bd2 Qd5 25.Qxd5 Rxd5 26.b4 Rhd8 27.axb5 axb5 28.Kc2 d3+ 29.Kb3 Kd7
30.h4 Re8 31.h5 gxh5 32.g5 h6 33.Rxe8 Kxe8 34.Rxh5 hxg5 35.fxg5 Rf5 36.Rh3 Rd5
37.Rf3 Ke7 38.g6 Bf6 39.Re3+ Be5 40.Bc3 d2 41.Bxd2 Kf6 42.Bc3 Bxc3 43.Kxc3 Rg5
44.Rf3+ Ke6 45.Re3+ Kf6 46.Kd4 Rxg6 47.Re4 Kf5 48.Rh4 Ke6 49.Ke4 Kf6 50.Kf4 Ke6
51.Rh5 Rf6+ 52.Ke4 Rg6 53.Re5+ Kf6 54.Rf5+ Ke6 55.Rf4 Rf6 56.Rh4 Rg6 57.Kf4 Kd5
58.Kf5 Rg1 59.Kf6 Re1 60.Kf7 Re2 61.Rg4 Re1 62.Rh4  1/2-1/2

[Event "XXXIII Open"]
[Site "Sevilla ESP"]
[Date "2008.01.09"]
[Round "6"]
[White "Campora,D"]
[Black "Fenollar Jorda,M"]
[Result "1/2-1/2"]
[WhiteElo "2535"]
[BlackElo "2253"]

1.d4 d5 2.c4 c6 3.Nc3 Nf6 4.Nf3 a6 5.c5 Nbd7 6.Bf4 Nh5 7.Bd2 Nhf6 8.Rc1 g6
9.h3 Bg7 10.Bf4 O-O 11.e3 Re8 12.Be2 Nh5 13.Bh2 e5 14.dxe5 Nxe5 15.Nd4 Nf6
16.O-O Ne4 17.Na4 Nd7 18.Bd3 Be5 19.Nf3 Bxh2+ 20.Kxh2 Ndxc5 21.Bxe4 Nxe4
22.Kg1 Qd6 23.Qd4 Bd7 24.Rfd1 Rad8 25.b4 Qf6 26.Qxf6 Nxf6 27.Nd4 Bc8 28.Rc2 Kf8
29.Rdc1 Bd7 30.Nc5 Bc8 31.a4 Nd7  1/2-1/2